• 首页
  • 本馆介绍
  • 公告通知
  • 最新文献
  • 馆藏检索
  • 电子资源
  • 读者导购
  • 参考咨询
  • 我的图书馆
  • 登录
  • 详细信息显示
  • 放入我的书架
  • 预约/预借图书
  • 作者相关作品
  • 分类相关作品
  • 丛书相关作品
  • 出版社相关作品

书目信息

  • 表格格式
  • 工作单格式
  • 卡片格式
题名:
中西文化碰撞与近代文学
    
 
作者: 郭延礼 著
分册:  
出版信息: 济南   山东教育出版社  1999.04
页数: 615页
开本: 21cm
丛书名:
单 册:
中图分类: I206.5
科图分类:
主题词: 近代文学--文学研究--中国 , 近代文学--文学评论--中国
电子资源:
ISBN: 7-5328-2797-6
000 00617nam0 2200205 45
001 0105290928
005 20041124110808.7
010    @a7-5328-2797-6@dCNY21.50
100    @a20010529d1999 km y0chiy0120 ea
101 0  @achi
105    @a z 000zy
200 1  @a中西文化碰撞与近代文学@AZhong Xi Wen Hua Peng Zhuang Yu Jin Dai Wen Xue@f郭延礼著@FGuo Yan Li Zhu
210    @a济南@c山东教育出版社@d1999.04
215    @a615页@d21cm
606 0  @a近代文学@x文学研究@y中国
606 0  @a近代文学@x文学评论@y中国
690    @aI206.5@v4
701    @a郭延礼@4著
801    @aCN@bTSTC@c20010529
905    @dI206.5@e10@f1@b297769
    
    中西文化碰撞与近代文学/郭延礼著.-济南:山东教育出版社,1999.04
    615页;21cm
    
    
    ISBN 7-5328-2797-6:CNY21.50
    
●
相关链接 在E读中查询图书 在五车中查询图书 在当当中查询图书 在豆瓣中查询图书


正题名:中西文化碰撞与近代文学     索取号:I206.5/10         预约/预借

序号 登录号 条形码 馆藏地/架位号 状态 备注
1 0297769   202977699   第二借阅区/ [索取号:I206.5/10] 在馆    
2 0297770   202977706   第二借阅区/ [索取号:I206.5/10] 在馆    
3 0297771   202977715   第一样本阅览室/ [索取号:I206.5/10] 在馆    
唐山师范学院图书馆 欢迎您!
大连网信软件有限公司© 版权所有